| Tag |
First Indicator |
Second Indicator |
Subfields |
| LEADER |
00000pam a2200000 a 4500 |
| 001 |
in00000078831 |
| 005 |
20151008053934.0 |
| 008 |
810519s1981 vauaf b 00110aeng |
| 010 |
|
|
|a 81010383
|
| 020 |
|
|
|a 0813908930
|
| 035 |
|
|
|a (OCoLC)07554228
|
| 035 |
|
|
|9 AAH9126AM
|
| 039 |
0 |
|
|a 2
|b 3
|c 3
|d 3
|e 3
|
| 040 |
|
|
|a DLC
|c DLC
|d TXA
|d UtOrBLW
|
| 043 |
|
|
|a n-us---
|a e-fr---
|
| 049 |
|
|
|a TXAM
|c 1 [1422098]
|a TXAS [mil]
|c 2
|
| 050 |
0 |
0 |
|a D603
|b .G45 1981
|
| 082 |
0 |
|
|a 940.54/4944
|2 19
|
| 100 |
1 |
|
|a Genet, Edmond Charles Clinton,
|d 1896-1917.
|
| 245 |
1 |
3 |
|a An American for Lafayette :
|b the diaries of E.C.C. Genet, Lafayette Escadrille /
|c edited by Walt Brown, Jr. ; with an introduction by Dale L. Walker.
|
| 264 |
|
1 |
|a Charlottesville :
|b University Press of Virginia,
|c 1981.
|
| 300 |
|
|
|a xxvii, 224 pages, 19 unnumbered pages of plates :
|b illustrations ;
|c 24 cm.
|
| 336 |
|
|
|a text
|b txt
|2 rdacontent
|
| 337 |
|
|
|a unmediated
|b n
|2 rdamedia
|
| 338 |
|
|
|a volume
|b nc
|2 rdacarrier
|
| 500 |
|
|
|a Includes index.
|
| 504 |
|
|
|a Bibliography: page 216.
|
| 600 |
1 |
0 |
|a Genet, Edmond Charles Clinton,
|d 1896-1917.
|
| 610 |
1 |
0 |
|a France.
|b Armée.
|b Escadrille Lafayette
|x Biography.
|
| 650 |
|
0 |
|a World War, 1914-1918
|x Aerial operations, French.
|
| 650 |
|
0 |
|a World War, 1914-1918
|v Personal narratives, American.
|
| 650 |
|
0 |
|a Air pilots, Military
|z United States
|v Biography.
|
| 700 |
1 |
|
|a Brown, Walt.
|
| 999 |
|
|
|a MARS
|
| 999 |
f |
f |
|s 8a9d4d34-76be-383b-8259-1d032647b87e
|i cc3531c7-b169-378d-a717-934e070be86a
|t 0
|
| 952 |
f |
f |
|p normal
|a Texas A&M University
|b College Station
|c Sterling C. Evans Library
|d Evans: Library Stacks
|t 0
|e D603 G45 1981
|h Library of Congress classification
|i unmediated -- volume
|m A14806393034
|
| 952 |
f |
f |
|p noncirc
|a Texas A&M University
|b College Station
|c Cushing Memorial Library & Archives
|d Cushing: Ragan Military (Does not check out)
|t 0
|e D603 .G45 1981
|h Library of Congress classification
|i unmediated -- volume
|m A14852140905
|
| 998 |
f |
f |
|a D603 .G45 1981
|t 0
|l Cushing: Ragan Military (Does not check out)
|
| 998 |
f |
f |
|a D603 G45 1981
|t 0
|l Evans: Library Stacks
|